Boletín científico / (Registro nro. 16731)

Detalles MARC
000 -CABECERA
Campo de control 01028cas a2200277 a 4500
005 - FECHA Y HORA DE LA ULTIMA TRANSACCION
Campo de control 20170511120935.0
008 - ELEMENTOS DE LONGITUD FIJA—INFORMACION GENERAL
Campo de control 941228c19939999ck uu p 0 0spa c
022 ## - ISSN
ISSN 0121-7690
040 ## - FUENTE DE CATALOGACIÓN
Agencia catalogadora original FU
Agencia transcriptora FU
Agencia Modificadora WaU
-- DLC
-- OCoLC
-- CO-BoIAVH
041 0# - IDIOMA
Código de idioma para texto/pista de sonido o título separado Español
044 ## - PAÍS DE PUBLICACIÓN
País de publicación Colombia
090 ## - CLASIFICACIÓN LOCAL
Colección SE-
245 10 - MENCION DE TITULO
Título Boletín científico /
Mención de responsabilidad Instituto Nacional de Pesca y Acuicultura.
246 17 - FORMA VARIANTE DEL TITULO
Título propiamente dicho/forma breve del título Boletín científico INPA
260 ## - PUBLICACION, DISTRIBUCION, ETC. (PIE DE IMPRENTA)
Lugar de publicación, distribución, etc. Bogotá (Colombia) :
Nombre del editor, distribuidor, etc. Instituto Nacional de Pesca y Acuicultura (INPA),
Fecha de publicación, distribución, etc. 1993-
300 ## - DESCRIPCION FISICA
Otros detalles físicos ilustraciones ;
Dimensiones 24 x 17 cm.
310 ## - FRECUENCIA ACTUAL DE LA PUBLICACIÓN
Frecuencia actual de la publicación Desconocido
500 ## - NOTA GENERAL
Nota general Título de la portada.
590 ## - NOTA LOCAL
Nota local SERBIB/SERLOC merged record
650 26 - ASIENTO SECUNDARIO DE MATERIA - TERMINO TEMATICO
Término temático o nombre geográfico como elemento de entrada Pesca
Subdivisión geográfica Colombia
Subdivisión de forma Publicaciones periódicas
9 (RLIN) 81450
650 26 - ASIENTO SECUNDARIO DE MATERIA - TERMINO TEMATICO
Término temático o nombre geográfico como elemento de entrada Acuicultura
Subdivisión geográfica Colombia
Subdivisión de forma Publicaciones periódicas
9 (RLIN) 81451
650 26 - ASIENTO SECUNDARIO DE MATERIA - TERMINO TEMATICO
Término temático o nombre geográfico como elemento de entrada Peces
Subdivisión geográfica Colombia
Subdivisión de forma Publicaciones periódicas
9 (RLIN) 81452
650 26 - ASIENTO SECUNDARIO DE MATERIA - TERMINO TEMATICO
Término temático o nombre geográfico como elemento de entrada Recursos pesqueros
Subdivisión geográfica Colombia
Subdivisión de forma Publicaciones periódicas
9 (RLIN) 81453
710 2# - ASIENTO SECUNDARIO - NOMBRE CORPORATIVO
Nombre corporativo o de jurisdicción como elemento de entrada Instituto Nacional de Pesca y Acuicultura (Colombia)
9 (RLIN) 81449
942 ## - ELEMENTOS ADICIONALES (KOHA)
Sistema de clasificación Local
Tipo de ítem Periodica o revista
Serial record 1
Existencias
Withdrawn status Lost status Sistema de Clasificación Damaged status No para préstamo Colección Fecha publicación (Año) Número revista Inventariado Ubicación Permanente Ubicación actual Fecha de adquisición Precio Datos de publicación Seriada Total Checkouts Número topográfico Inventario / Código de Barras Date last seen Ejemplar Price effective from Forma de adquisición Tipo de material
    Local     Hemeroteca 1994 2 Inventariado 2017 Bogotá Bogotá 11/05/2017 30000.00 Número 2   SE 022989 11/05/2017 Ej. 1 11/05/2017 Donación Periodica o revista
    Local     Hemeroteca 1995 3 Inventariado 2017 Bogotá Bogotá 11/05/2017 30000.00 Número 3   SE 022990 11/05/2017 Ej. 1 11/05/2017 Donación Periodica o revista
    Local     Hemeroteca 1996 4 Inventariado 2017 Bogotá Bogotá 11/05/2017 30000.00 Número 4   SE 022991 11/05/2017 Ej. 1 11/05/2017 Donación Periodica o revista
    Local     Hemeroteca 1993 1 Inventariado 2017 Bogotá Bogotá 11/05/2017 30000.00 Número 1   SE 023005 11/05/2017 Ej. 1 11/05/2017 Donación Periodica o revista
    Local     Hemeroteca 1997 5 Inventariado 2017 Bogotá Bogotá 11/05/2017 30000.00 Número 5   SE 022992 11/05/2017 Ej. 1 11/05/2017 Donación Periodica o revista
    Local     Hemeroteca 2002 7 Inventariado 2017 Bogotá Bogotá 11/05/2017 30000.00 Número 7   SE 059575 11/05/2017 Ej. 1 11/05/2017 Donación Periodica o revista
    Local     Hemeroteca 1998 6 Inventariado 2017 Bogotá Bogotá 11/05/2017 30000.00 Número 6   SE 022993 11/05/2017 Ej. 1 11/05/2017 Donación Periodica o revista